| Tag |
First Indicator |
Second Indicator |
Subfields |
| LEADER |
00000cam a2200000Ia 4500 |
| 001 |
in00002492401 |
| 005 |
20211202191517.0 |
| 006 |
m d f |
| 007 |
cr bn||||||||| |
| 008 |
090430s2009 dcu s f000 0 eng d |
| 035 |
|
|
|a (OCoLC)ocn319716593
|
| 040 |
|
|
|a GPO
|c GPO
|d MvI
|d UtOrBLW
|
| 049 |
|
|
|a WWW
|
| 074 |
|
|
|a 0520-B-16 (online)
|
| 086 |
0 |
|
|a HS 4.118:V 53/2008
|
| 245 |
0 |
0 |
|a What every member of the trade community should know about :
|b vehicles, parts and accessories under the HTSUS.
|
| 246 |
3 |
0 |
|a Vehicles, parts and accessories under the HTSUS
|
| 264 |
|
1 |
|a [Washington, D.C.] :
|b U.S. Customs and Border Protection,
|c [2009]
|
| 300 |
|
|
|a 24 pages :
|b digital, PDF file.
|
| 336 |
|
|
|a text
|b txt
|2 rdacontent
|
| 337 |
|
|
|a computer
|b c
|2 rdamedia
|
| 338 |
|
|
|a online resource
|b cr
|2 rdacarrier
|
| 490 |
1 |
|
|a An informed compliance publication
|
| 538 |
|
|
|a Mode of access: Internet from the CBP web site. Address as of 4/30/2009: http://www.cbp.gov/linkhandler/cgov/trade/legal/informed%5Fcompliance%5Fpubs/icp015r2.ctt/icp015.pdf ; current access is available via PURL.
|
| 500 |
|
|
|a Title from title screen (viewed on April 30, 2009).
|
| 500 |
|
|
|a "Revised April 2009."
|
| 500 |
|
|
|a Electronic resource.
|
| 650 |
|
0 |
|a Automobile industry and trade
|x Law and legislation
|z United States.
|
| 650 |
|
0 |
|a International trade.
|
| 650 |
|
0 |
|a Tariff on automobiles
|z United States.
|
| 650 |
|
0 |
|a Tariff on automobile parts
|z United States.
|
| 710 |
2 |
|
|a U.S. Customs and Border Protection.
|
| 830 |
|
0 |
|a Informed compliance publication.
|
| 856 |
4 |
0 |
|u https://purl.fdlp.gov/GPO/LPS112092
|t 0
|
| 999 |
|
|
|a MARS
|
| 999 |
f |
f |
|s 9556c928-b3b7-3e74-95e0-52effa7114a4
|i e8bf03a4-9beb-346a-b3ef-703de445ee35
|t 0
|
| 952 |
f |
f |
|a Texas A&M University
|b College Station
|c Electronic Resources
|d Available Online
|t 0
|e HS 4.118:V 53/2008
|h Superintendent of Documents classification
|
| 998 |
f |
f |
|a HS 4.118:V 53/2008
|t 0
|l Available Online
|